US Presidents With Least Time In Office - Statistics

General Stats
  • This quiz has been taken 25 times
  • The average score is 7 of 11
Answer Stats
Rank President Days % Correct
7 John F. Kennedy 1036
86%
1 William Henry Harrison 31
82%
2 James A. Garfield 199
73%
3 Zachary Taylor 492
73%
11 John Tyler 1430
68%
5 Gerald Ford 895
64%
10 Andrew Johnson 1419
59%
4 Warren G. Harding 881
50%
8 Chester A. Arthur 1262
41%
9 Donald Trump 1281
32%
6 Millard Fillmore 969
32%
No matching quizzes found
Score Distribution
Percent of People with Each Score
Percentile by Number Answered
Your Score History
You have not taken this quiz